000 00783nam a22002537a 4500
005 20110712152641.0
008 110712t xxu||||| |||| 00| 0 eng d
010 _aENG-103002
020 _a9788180460685
_c150.00
035 _aEN-86535
037 _bDBAD / PUB
040 _adpl
_bEnglish
082 _aN
100 _929416
_aKhanna, Karan
245 _aI for India :
_cby Karan Khanna
_ba novel /
260 _aNew Delhi
_bAlchemy Publishers
_c2011
270 _a4767/23, Pratap Street, Daryaganj
_bNew Delhi
_e110002
300 _a361p.
_c20cm (pbk)
650 _929417
651 _929488
700 _929429
942 _2ddc
_cEN
_mKHA
_hN
999 _c53805
_d53805